| 000 | 00844cab a2200205 4500 | ||
|---|---|---|---|
| 001 | ABS40636 | ||
| 008 | 090401t1989 xxu||||| |||| 00| 0 eng d | ||
| 035 | _a(Sirsi) u25164 | ||
| 041 | _aeng | ||
| 100 | _aCole, K.W. | ||
| 245 | _aInfilling abandoned limestone mines in the Black Country | ||
| 260 | _c1989 | ||
| 350 | _a0 | ||
| 490 |
_aLand & Minerals Surveying _v7(4) April 1989, 163-172(10) |
||
| 520 | _aDescribes the trial of a system to use rock paste to infill a section of the Castle Fields limestone mine in Dudley. Rock paste was pumped underground where its performance was monitored and evaluated with remote instrumentation. Looks at work subsequent to the trial in improving the strength characteristics of the product. | ||
| 690 | _aMINING AND MINERALS | ||
| 700 | _aStevens, D.W. | ||
| 942 | _n0 | ||
| 948 | _c04/03/1997 | ||
| 999 |
_c16882 _d16882 |
||